Score 0/19 Timer 03:00
0 Plays Today
Clue 5-Letter Word % Correct
Piece of fruit found in a vineyardGRAPE
95.7%
Where a corpse is put ''six feet under''GRAVE
93.8%
Cuts the size of a picture in PhotoshopCROPS
90.3%
Spends the night outside in a tent, sometimes with a fireCAMPS
90.2%
Group of trees, usually with fruits and nutsGROVE
89.4%
Holders for light bulbs or geniesLAMPS
89.1%
Joan Jett song ''_____ Rock 'n Roll'' (2 words)♥ I LOVE ♥
88.3%
Casino game where you might roll ''snake eyes'' or ''boxcars''CRAPS
88.1%
Evidence in the O.J. Simpson trialGLOVE
88.1%
Homes for mother chickensCOOPS
87.9%
Clue 5-Letter Word % Correct
Servings of sugar for your teaLUMPS
86.5%
Embalmed body found in a tombMUMMY
86.2%
Places full of trash (I'm sure your mother has compared your messy bedroom to it)DUMPS
86.2%
Ventriloquist's ''right-hand man''DUMMY
85.4%
Word in the Armed Forces branch USMCCORPS
82.5%
Decorating ribbon made of silk or woolCRAPE
81.9%
Adjective for a person who is short and stoutDUMPY
79.8%
Word to your mother; With first rung, phrase that might appear on a Mother's Day card♥ MOMMY ♥
78.6%
Complains, perhaps about the taste of the filet at a restaurantCARPS
75.4%

Today's Daily Dose

Remove Ads.
Support Sporcle.
Get the best of Sporcle when you Go Orange. This ad-free experience offers more features, more stats, and more fun while also helping to support Sporcle. Thank you for becoming a member.

You're not logged in!

Compare scores with friends on all Sporcle quizzes.
OR
Log In

Show Comments

Extras

Top Quizzes Today


Score Distribution

Your Account Isn't Verified!

In order to create a playlist on Sporcle, you need to verify the email address you used during registration. Go to your Sporcle Settings to finish the process.

Report this User

Report this user for behavior that violates our Community Guidelines.

Details: